000 00640nam a22002297a 4500
003 UA-OsUOA
001 125287
007 ta
008 20170913b un ||||| |||| 00| 0 ukr d
100 _aИванычук Р.
090 _a821.161.1
_bИ23
942 _cBK
040 _aUA-OsUOA
_brus
_cUA-OsUOA
_dUA-OsUOA
245 _aМанускрипт с улицы русской
_bроманы
300 _a502 с.
955 _a3
041 _arus
080 _a821.161.1
260 _aМ.
_bСоветский писатель
_c1982
650 7 _a82 Література. Літературознавство
_2UDC
999 _c412514
_d412514